[Event "NAYCC U14 w"]
[Site "Windsor CAN"]
[Date "2016.08.08"]
[Round "3.81"]
[White "Chin, Angelica"]
[Black "Guo, Ingrid"]
[Result "1/2-1/2"]
[WhiteElo "1970"]
[BlackElo "1473"]
[PlyCount "164"]
[EventDate "2016.08.07"]
[EventType "swiss"]
[EventRounds "9"]
[EventCountry "CAN"]

1. e4 c5 2. Nf3 d6 3. d4 cxd4 4. Nxd4 Nf6 5. Nc3 a6 6. Be3 e5 7. Nb3 Be6 8. Be2
Be7 9. O-O O-O 10. Kh1 d5 11. exd5 Nxd5 12. Nxd5 Bxd5 13. c4 Be6 14. Qxd8 Rxd8
15. Nc5 Nc6 16. Nxb7 Rdb8 17. Bf3 Bd7 18. Bxc6 Bxc6 19. Na5 Be4 20. f3 Bb4 21.
fxe4 Bxa5 22. Rf2 Rb4 23. b3 Rb7 24. Rd1 Bb4 25. Rd5 f6 26. Rf1 a5 27. Rfd1
Rbb8 28. Kg1 a4 29. Rd7 Bc3 30. c5 axb3 31. axb3 Rxb3 32. c6 Ba5 33. Bc5 Rc8
34. Ra7 Bc7 35. Kf1 Rc3 36. Rd5 Rxc5 37. Rxc5 Bb6 38. Rca5 Bxa5 39. Rxa5 Rxc6
40. Kf2 Rc3 41. Ra7 h6 42. g3 Kh7 43. Rd7 Kg6 44. h3 h5 45. h4 Kh6 46. Rd6 Rc7
47. Kf3 Rf7 48. Rb6 g6 49. Re6 Kg7 50. Re8 Rd7 51. Ra8 f5 52. exf5 gxf5 53. Ra6
Re7 54. Ke3 Rb7 55. Rc6 Rb3+ 56. Kf2 e4 57. Ra6 Rb7 58. Ke3 Rf7 59. Kf4 Rf6 60.
Ra7+ Kg6 61. Ra5 Re6 62. Ke3 Kf6 63. Rb5 Rd6 64. Kf4 Re6 65. Rxf5+ Kg6 66. Rg5+
Kh6 67. Ke3 Re7 68. Rg8 Kh7 69. Rf8 Kg6 70. Rf4 Re5 71. Rxe4 Ra5 72. Re8 Ra3+
73. Kf4 Ra4+ 74. Re4 Ra6 75. Re3 Ra4+ 76. Ke5 Ra5+ 77. Kf4 Ra4+ 78. Re4 Ra6 79.
Rd4 Rb6 80. Ke4 Re6+ 81. Kf4 Rf6+ 82. Ke4 Re6+ 1/2-1/2

[Event "NAYCC U14 w"]
[Site "Windsor CAN"]
[Date "2016.08.08"]
[Round "3.82"]
[White "Ravishankar, Ramitha"]
[Black "Morris-Suzuki, Sophie"]
[Result "0-1"]
[WhiteElo "1558"]
[BlackElo "1787"]
[PlyCount "90"]
[EventDate "2016.08.07"]
[EventType "swiss"]
[EventRounds "9"]
[EventCountry "CAN"]

1. e4 c5 2. Nf3 e6 3. d4 cxd4 4. Nxd4 a6 5. Nc3 Qc7 6. Be3 Nf6 7. Bd3 Nc6 8.
Qd2 Ng4 9. Bf4 e5 10. Nxc6 dxc6 11. Bg3 Bd6 12. h3 Nf6 13. O-O O-O 14. Kh1 Nh5
15. Bh2 Be6 16. Qg5 Nf4 17. Be2 b5 18. Bxf4 exf4 19. Qh5 f5 20. Bd3 g6 21. Qd1
b4 22. Ne2 Be5 23. f3 Bxb2 24. Rb1 Qe5 25. Nxf4 Bxa2 26. Ne2 Bxb1 27. Qxb1 fxe4
28. Bxe4 Bc3 29. Qb3+ Kh8 30. Nxc3 Qxc3 31. Qe6 Rae8 32. Qg4 Rd8 33. f4 Rd4 34.
Bf3 Rdxf4 35. Qg3 Qxc2 36. Qf2 Qxf2 37. Rxf2 c5 38. Rc2 c4 39. Kh2 c3 40. Bd5
a5 41. Bb3 Rf2 42. Kg3 Rxc2 43. Bxc2 Rd8 44. Kf3 Rd2 45. Bb3 c2 0-1

[Event "NAYCC U14 w"]
[Site "Windsor CAN"]
[Date "2016.08.08"]
[Round "3.83"]
[White "Friedman, Gloria"]
[Black "John, Namitha"]
[Result "1-0"]
[WhiteElo "1725"]
[BlackElo "1091"]
[PlyCount "107"]
[EventDate "2016.08.07"]
[EventType "swiss"]
[EventRounds "9"]
[EventCountry "CAN"]

1. d4 d5 2. c4 c6 3. Nf3 Bf5 4. Nc3 Nf6 5. Bg5 e6 6. e3 h6 7. Bh4 Be7 8. Bd3
Bxd3 9. Qxd3 Nbd7 10. cxd5 cxd5 11. O-O O-O 12. Rac1 Rc8 13. Ne5 Nb6 14. f3
Nfd7 15. Nxd7 Qxd7 16. Bxe7 Qxe7 17. e4 Qg5 18. e5 Nc4 19. f4 Qe7 20. Qe2 Qb4
21. Rf2 f6 22. exf6 Rxf6 23. f5 Rc6 24. Re1 Qb6 25. Rd1 Kh8 26. b3 Na3 27. Qe3
Qb4 28. Rf3 Nc2 29. Qd3 Na3 30. Rdf1 exf5 31. Nxd5 Qa5 32. Nxf6 Rc3 33. Qxc3
Qxc3 34. Rxc3 gxf6 35. Rxf5 Kg7 36. Rc7+ Kg6 37. Ra5 Nb1 38. Rxa7 Nd2 39. Raxb7
Ne4 40. Rg7+ Kf5 41. Rb5+ Kf4 42. d5 Ke3 43. Re7 Kd4 44. Rb4+ Kxd5 45. Rbxe4
Kd6 46. a4 Kc6 47. a5 Kb5 48. Ra4 f5 49. a6 Kb6 50. a7 f4 51. a8=Q Kc5 52. Qa5+
Kd6 53. Qe5+ Kc6 54. Ra6# 1-0

[Event "NAYCC U14 w"]
[Site "Windsor CAN"]
[Date "2016.08.08"]
[Round "3.84"]
[White "Tao, Ellen"]
[Black "Zhou, Lily"]
[Result "0-1"]
[WhiteElo "1418"]
[BlackElo "1595"]
[PlyCount "108"]
[EventDate "2016.08.07"]
[EventType "swiss"]
[EventRounds "9"]
[EventCountry "CAN"]

1. e4 c5 2. Nf3 Nc6 3. d4 cxd4 4. Nxd4 g6 5. c4 Bg7 6. Be3 Nf6 7. Nc3 d6 8. Be2
Qa5 9. O-O O-O 10. Nb3 Qd8 11. h3 Be6 12. f4 Na5 13. Nd2 Rc8 14. b3 Nc6 15. Rc1
Qa5 16. g4 Nxg4 17. hxg4 Bxc3 18. f5 Bd7 19. Kg2 Bd4 20. Bxd4 Nxd4 21. Rh1 Kg7
22. Nf3 Nxf3 23. Kxf3 Rh8 24. Qd4+ f6 25. Qb2 a6 26. Rh3 Bc6 27. Rg1 Qc5 28.
Qa1 Kf7 29. Bd3 gxf5 30. Rhg3 fxg4+ 31. Rxg4 Rcg8 32. Rxg8 Rxg8 33. Rxg8 Kxg8
34. Qe1 Qh5+ 35. Ke3 Qg5+ 36. Ke2 h5 37. Qf2 h4 38. Qh2 Qg4+ 39. Ke3 Kf7 40.
Qf4 Qxf4+ 41. Kxf4 h3 42. Kg3 Ke6 43. Kxh3 Ke5 44. Kg3 Bxe4 45. Be2 Bb1 46. a3
a5 47. Kf3 Ba2 48. Bd1 Kd4 49. Kf4 e6 50. Bg4 f5 51. Bf3 b6 52. Bc6 Bxb3 53.
Bd7 Bxc4 54. Kg5 Ke3 0-1

[Event "NAYCC U14 w"]
[Site "Windsor CAN"]
[Date "2016.08.08"]
[Round "3.85"]
[White "Zhou, Annika"]
[Black "Ge, Jade"]
[Result "1-0"]
[WhiteElo "1443"]
[BlackElo "1520"]
[PlyCount "87"]
[EventDate "2016.08.07"]
[EventType "swiss"]
[EventRounds "9"]
[EventCountry "CAN"]

1. d4 d5 2. Bf4 Nf6 3. e3 Bf5 4. c4 e6 5. Nc3 Nbd7 6. Qb3 Rb8 7. cxd5 exd5 8.
Nxd5 Nxd5 9. Qxd5 Be6 10. Qa5 Nb6 11. Bb5+ Bd7 12. Bxd7+ Qxd7 13. Qe5+ Kd8 14.
Rc1 Nd5 15. Ne2 f6 16. Qe4 Be7 17. O-O f5 18. Qc2 Rc8 19. Be5 Rg8 20. Nf4 Nxf4
21. Bxf4 c6 22. Qc4 Rf8 23. Be5 g5 24. Qa4 b5 25. Qb3 a5 26. a4 b4 27. Rfd1 Ke8
28. d5 cxd5 29. Rxc8+ Qxc8 30. Qxd5 Rf7 31. Qxa5 Kf8 32. Qb5 Kg8 33. a5 Bc5 34.
Rc1 Rd7 35. Bd4 Rd5 36. Rxc5 Rxc5 37. Qxc5 Qe6 38. Qe5 Qd7 39. Qh8+ Kf7 40.
Qxh7+ Ke6 41. Qxd7+ Kxd7 42. a6 Kc7 43. a7 Kb7 44. g3 1-0

[Event "NAYCC U14 w"]
[Site "Windsor CAN"]
[Date "2016.08.08"]
[Round "3.86"]
[White "Li, Jewel"]
[Black "Zhang, Jeannie"]
[Result "1-0"]
[WhiteElo "980"]
[BlackElo "1459"]
[PlyCount "91"]
[EventDate "2016.08.07"]
[EventType "swiss"]
[EventRounds "9"]
[EventCountry "CAN"]

1. e4 c5 2. Ne2 Nc6 3. g3 Nf6 4. Bg2 g6 5. O-O Bg7 6. c3 O-O 7. d4 cxd4 8. cxd4
d5 9. e5 Ne8 10. Nbc3 Nc7 11. Bf4 b6 12. Qd2 Bb7 13. Bh6 Qd7 14. Bxg7 Kxg7 15.
Rfe1 f6 16. exf6+ exf6 17. Nf4 Ne7 18. Bh3 Qd6 19. Ne6+ Nxe6 20. Rxe6 Qd7 21.
Rae1 Rf7 22. Kg2 f5 23. Qe2 Re8 24. Nb5 Ba6 25. Qe5+ Kg8 26. Nd6 Rff8 27. Nxe8
Rxe8 28. Rxe7 Rxe7 29. Qxe7 Qb5 30. Qe8+ Qxe8 31. Rxe8+ Kf7 32. Ra8 Bc4 33.
Rxa7+ Ke6 34. g4 fxg4 35. Bxg4+ Kf6 36. b3 Bd3 37. Rxh7 b5 38. Bd7 Kg5 39. Bc6
Kf4 40. a4 bxa4 41. bxa4 Be4+ 42. Kg1 Kg5 43. h4+ Kf6 44. a5 g5 45. a6 Bxh7 46.
a7 1-0

[Event "NAYCC U14 w"]
[Site "Windsor CAN"]
[Date "2016.08.09"]
[Round "4.49"]
[White "Yen, Sarah"]
[Black "Konovalenko, Sasha"]
[Result "0-1"]
[WhiteElo "1802"]
[BlackElo "1775"]
[PlyCount "102"]
[EventDate "2016.08.07"]
[EventType "swiss"]
[EventRounds "9"]
[EventCountry "CAN"]

1. e4 d5 2. exd5 Qxd5 3. Nc3 Qd6 4. d4 c6 5. Be3 Nf6 6. Be2 Bf5 7. Nf3 Nbd7 8.
Qd2 e6 9. a3 Qc7 10. O-O Bd6 11. b4 a6 12. Na4 O-O 13. Nc5 Rfd8 14. Nxd7 Qxd7
15. c3 Bc7 16. Rfc1 Qd6 17. Ne5 Nd7 18. f4 Qe7 19. Qe1 f6 20. Nxd7 Qxd7 21. Bf3
Re8 22. Qf2 Bg6 23. Re1 Qd6 24. g3 Qd7 25. Qg2 Bb6 26. Bf2 Qc7 27. Rad1 Bf7 28.
Kh1 Re7 29. Bg1 Rae8 30. h3 Ba7 31. Re2 Bb8 32. Rde1 e5 33. dxe5 fxe5 34. fxe5
Rxe5 35. Bh2 Rxe2 36. Rxe2 Rxe2 37. Qxe2 Qe5 38. g4 Qxe2 39. Bxe2 Bd5+ 40. Kg1
Ba7+ 41. Kf1 Be3 42. a4 Kf7 43. Be5 g6 44. Bd3 Bf3 45. Bc4+ Ke7 46. Bg8 h5 47.
Bh7 hxg4 48. hxg4 Kf7 49. Bd4 Bxd4 50. cxd4 Kg7 51. Bxg6 Kxg6 0-1

[Event "NAYCC U14 w"]
[Site "Windsor CAN"]
[Date "2016.08.09"]
[Round "4.50"]
[White "Li, Marissa"]
[Black "Zhou, Lily"]
[Result "0-1"]
[WhiteElo "1802"]
[BlackElo "1595"]
[PlyCount "102"]
[EventDate "2016.08.07"]
[EventType "swiss"]
[EventRounds "9"]
[EventCountry "CAN"]

1. d4 d5 2. c4 e6 3. Nc3 Nf6 4. cxd5 exd5 5. Bg5 c6 6. e3 Be7 7. Bd3 Nbd7 8.
Qc2 b6 9. Nf3 Bb7 10. O-O O-O 11. Rac1 Re8 12. Qb1 h6 13. Bh4 c5 14. Rfd1 Nh5
15. Bxe7 Qxe7 16. Bb5 a6 17. Bxd7 Qxd7 18. dxc5 bxc5 19. Nxd5 Bxd5 20. Rxc5 Nf6
21. Rcxd5 Nxd5 22. e4 Nc3 23. bxc3 Qc6 24. Re1 Qxc3 25. Re3 Rab8 26. Qd1 Qb2
27. Qa4 Qb5 28. Qd4 Qb1+ 29. Ne1 Qxa2 30. h3 Qb2 31. Qc4 Qb5 32. Qa2 a5 33. Kh2
Qe5+ 34. Kg1 Rb2 35. Qa4 Rb4 36. Qa2 Rxe4 37. Nf3 Qc7 38. Rxe4 Rxe4 39. g3 Rc4
40. Kg2 Rc2 41. Qa4 Qc5 42. Qe8+ Kh7 43. Qe4+ g6 44. Nd4 Rc4 45. Qf3 Kg7 46.
Nb3 Qc7 47. Qd5 a4 48. Nd4 Qc5 49. Qxc5 Rxc5 50. Kf3 a3 51. Ke2 a2 0-1

[Event "NAYCC U14 w"]
[Site "Windsor CAN"]
[Date "2016.08.09"]
[Round "4.51"]
[White "Morris-Suzuki, Sophie"]
[Black "Friedman, Gloria"]
[Result "1/2-1/2"]
[WhiteElo "1787"]
[BlackElo "1725"]
[PlyCount "71"]
[EventDate "2016.08.07"]
[EventType "swiss"]
[EventRounds "9"]
[EventCountry "CAN"]

1. d4 d5 2. c4 e6 3. Nc3 Nf6 4. Bg5 Be7 5. e3 O-O 6. Bd3 h6 7. Bh4 b6 8. cxd5
exd5 9. Nge2 Bb7 10. O-O Nbd7 11. Qc2 c5 12. Rac1 Rc8 13. Qb1 Ne4 14. Bxe7 Qxe7
15. Rfe1 Rfd8 16. Nf4 Ndf6 17. Nce2 Nxf2 18. Kxf2 Ng4+ 19. Kg3 Nxe3 20. h3 g5
21. Nh5 Re8 22. Kh2 g4 23. Neg3 gxh3 24. Rxe3 Qxe3 25. Nf6+ Kh8 26. Bb5 Re4 27.
Nfxe4 dxe4 28. Re1 Qf2 29. Re2 Qf4 30. dxc5 Rg8 31. Qe1 hxg2 32. Rxg2 bxc5 33.
Qc3+ f6 34. Qxc5 e3 35. Qc4 Qe5 36. Rg1 1/2-1/2

[Event "NAYCC U14 w"]
[Site "Windsor CAN"]
[Date "2016.09.08"]
[Round "4.52"]
[White "Kao, Camille"]
[Black "Guo, Ingrid"]
[Result "1-0"]
[WhiteElo "1765"]
[BlackElo "1473"]
[PlyCount "155"]
[EventDate "2016.08.07"]
[EventType "swiss"]
[EventRounds "9"]
[EventCountry "CAN"]

1. e4 c5 2. c3 d5 3. exd5 Qxd5 4. d4 Nc6 5. Nf3 Nf6 6. Be3 cxd4 7. cxd4 e6 8.
Nc3 Qd6 9. Bd3 Be7 10. O-O O-O 11. h3 b6 12. Qb3 Bb7 13. Rad1 Na5 14. Qc2 Bxf3
15. gxf3 Rac8 16. Qe2 Nd5 17. Ne4 Qd8 18. Kh1 f5 19. Ng5 Rc6 20. Bb5 Rd6 21. f4
Bxg5 22. fxg5 f4 23. Bd2 Qxg5 24. Rg1 Qh4 25. Qf3 Rf5 26. Rg4 Qh6 27. Rdg1 g6
28. Bd3 Rf6 29. Rg5 Nc6 30. Bc3 Rd8 31. Rh5 Qf8 32. Be4 Nce7 33. Rh4 Nf5 34.
Rhg4 Qh6 35. Rg5 Nh4 36. Qg4 Nf5 37. Bxf5 Rxf5 38. Rxf5 exf5 39. Qxf5 Qf8 40.
Qe6+ Qf7 41. Re1 Qxe6 42. Rxe6 Rd7 43. Rc6 Kf7 44. Kg2 Ne7 45. Rc4 Nf5 46. Kf3
g5 47. Kg4 Nd6 48. Rc6 Ne4 49. f3 Nf2+ 50. Kxg5 Nxh3+ 51. Kg4 Nf2+ 52. Kxf4 Nd1
53. Rh6 Kg8 54. Rh1 Nxc3 55. bxc3 Kg7 56. Rh2 Kf6 57. Ke4 b5 58. Rh5 Rc7 59.
Kd3 Rb7 60. f4 a5 61. a3 Kg6 62. Rg5+ Kf6 63. Ke4 h6 64. Rg1 b4 65. cxb4 axb4
66. axb4 Rxb4 67. f5 h5 68. Rg6+ Kf7 69. Rh6 Rb1 70. Rxh5 Re1+ 71. Kf4 Rd1 72.
Ke5 Re1+ 73. Kd6 Kf6 74. d5 Rd1 75. Kc6 Rc1+ 76. Kd7 Rd1 77. d6 Ke5 78. Ke7 1-0

[Event "NAYCC U14 w"]
[Site "Windsor CAN"]
[Date "2016.08.09"]
[Round "4.53"]
[White "Tao, Ellen"]
[Black "Chin, Angelica"]
[Result "0-1"]
[WhiteElo "1418"]
[BlackElo "1970"]
[PlyCount "110"]
[EventDate "2016.08.07"]
[EventType "swiss"]
[EventRounds "9"]
[EventCountry "CAN"]

1. e4 c5 2. Nf3 Nc6 3. d4 cxd4 4. Nxd4 g6 5. Nc3 Bg7 6. Be3 Nf6 7. Be2 O-O 8.
O-O d5 9. exd5 Nxd5 10. Nxd5 Qxd5 11. c3 Nxd4 12. Bxd4 Bxd4 13. Qxd4 Qxd4 14.
cxd4 Rd8 15. Rfd1 Be6 16. Rd2 Rd7 17. Rad1 Bxa2 18. Ra1 Bd5 19. f4 a6 20. Rc1
Rad8 21. Kf2 Bc6 22. Bxa6 Rxd4 23. Rxd4 Rxd4 24. Kg3 Bxg2 25. Kxg2 bxa6 26. Ra1
Rd2+ 27. Kg3 Rxb2 28. Rxa6 h6 29. Ra7 Re2 30. h3 g5 31. fxg5 hxg5 32. Kg4 f6
33. Kf5 Kf7 34. Kg4 Re4+ 35. Kf3 Rf4+ 36. Kg3 f5 37. Rb7 Re4 38. Kf3 Kf6 39.
Rb6+ Re6 40. Rb5 Rd6 41. Rb3 e5 42. Ra3 f4 43. Ke4 Rd4+ 44. Kf3 e4+ 45. Ke2 Ke5
46. Ra5+ Rd5 47. Ra4 f3+ 48. Ke3 Rd3+ 49. Kf2 Rd2+ 50. Ke1 Re2+ 51. Kf1 Kf4 52.
Ra5 Rc2 53. Ra1 Kg3 54. Re1 f2 55. Re3+ Kf4 0-1

[Event "NAYCC U14 w"]
[Site "Windsor CAN"]
[Date "2016.08.09"]
[Round "4.54"]
[White "John, Namitha"]
[Black "Ravishankar, Ramitha"]
[Result "0-1"]
[WhiteElo "1091"]
[BlackElo "1558"]
[PlyCount "64"]
[EventDate "2016.08.07"]
[EventType "swiss"]
[EventRounds "9"]
[EventCountry "CAN"]

1. e4 e6 2. d4 d5 3. exd5 exd5 4. Nc3 Nf6 5. Bf4 c6 6. Bd3 Bd6 7. Bxd6 Qxd6 8.
Qe2+ Be6 9. O-O-O b5 10. Qe3 a5 11. f4 O-O 12. f5 Bd7 13. Qf3 a4 14. g4 b4 15.
Nb1 c5 16. g5 c4 17. gxf6 cxd3 18. fxg7 Rc8 19. Qxd3 Qf4+ 20. Qd2 Qe4 21. Ne2
Bxf5 22. Nec3 bxc3 23. Nxc3 Qe6 24. Rde1 Qc6 25. Re7 a3 26. Re3 axb2+ 27. Kb1
Na6 28. a3 Nb4 29. Kxb2 Nxc2 30. Rf3 Qb6+ 31. Kc1 Nxd4 32. Rg3 Qb1# 0-1

[Event "NAYCC U14 w"]
[Site "Windsor CAN"]
[Date "2016.08.09"]
[Round "4.55"]
[White "Li, Jewel"]
[Black "Zhou, Annika"]
[Result "0-1"]
[WhiteElo "980"]
[BlackElo "1443"]
[PlyCount "106"]
[EventDate "2016.08.07"]
[EventType "swiss"]
[EventRounds "9"]
[EventCountry "CAN"]

1. e4 c5 2. Ne2 d6 3. g3 Nf6 4. Bg2 Nc6 5. O-O g6 6. c3 Bg7 7. d4 cxd4 8. cxd4
O-O 9. Nbc3 a6 10. Be3 Ng4 11. Qd2 Nxe3 12. Qxe3 e6 13. a4 Qb6 14. d5 Qxe3 15.
fxe3 exd5 16. exd5 Ne5 17. h3 Nc4 18. b3 Nxe3 19. Rf3 Nxg2 20. Kxg2 Bf5 21. Ra2
Rfe8 22. g4 Be4 23. Nxe4 Rxe4 24. Rd3 Rae8 25. Kf3 Bh6 26. Kf2 Be3+ 27. Kg2 Bc5
28. Ng3 Re1 29. Rb2 Rg1+ 30. Kf3 Rge1 31. Rdd2 R1e3+ 32. Kg2 R8e5 33. b4 Bb6
34. a5 Bd8 35. Kf2 Bh4 36. Re2 Rxe2+ 37. Rxe2 Rxe2+ 38. Kxe2 Bxg3 39. Kf3 Be1
40. Kf4 Bxb4 41. h4 Bxa5 42. h5 gxh5 43. gxh5 Bc3 44. Ke4 b5 45. Kd3 b4 46. Kc4
a5 47. Kb3 f5 48. Kc2 a4 49. Kb1 f4 50. Kc2 f3 51. Kb1 f2 52. Ka2 f1=Q 53. h6
Qa1# 0-1

[Event "NAYCC U14 w"]
[Site "Windsor CAN"]
[Date "2016.08.09"]
[Round "4.56"]
[White "Ge, Jade"]
[Black "Zhang, Jeannie"]
[Result "1/2-1/2"]
[WhiteElo "1520"]
[BlackElo "1459"]
[PlyCount "59"]
[EventDate "2016.08.07"]
[EventType "swiss"]
[EventRounds "9"]
[EventCountry "CAN"]

1. e4 c5 2. Nf3 Nc6 3. d4 cxd4 4. Nxd4 Qb6 5. Nb3 Nf6 6. Nc3 e6 7. Be3 Qd8 8.
Be2 Bb4 9. O-O Bxc3 10. bxc3 Nxe4 11. Qd3 d5 12. f3 Nf6 13. Bc5 b6 14. Ba3 Ne7
15. Qd2 O-O 16. Rad1 Qc7 17. Bb2 Bb7 18. Qg5 Ng6 19. Nd2 h6 20. Qe3 Qc5 21.
Qxc5 bxc5 22. Rfe1 Rfc8 23. Bd3 Ne7 24. Rb1 c4 25. Be2 Nc6 26. Ba3 Ba6 27. Bd6
Rd8 28. Bc7 Rdc8 29. Bd6 Rd8 30. Bc7 1/2-1/2

[Event "NAYCC U14 w"]
[Site "Windsor CAN"]
[Date "2016.08.09"]
[Round "5.49"]
[White "Konovalenko, Sasha"]
[Black "Kao, Camille"]
[Result "1-0"]
[WhiteElo "1775"]
[BlackElo "1765"]
[PlyCount "109"]
[EventDate "2016.08.07"]
[EventType "swiss"]
[EventRounds "9"]
[EventCountry "CAN"]

1. e4 e6 2. d4 d5 3. Nd2 dxe4 4. Nxe4 Nd7 5. Nf3 Ngf6 6. Nxf6+ Nxf6 7. Bd3 c5
8. O-O cxd4 9. Nxd4 Bc5 10. Nb3 Be7 11. Qf3 O-O 12. Rd1 Qc7 13. Nd2 Rb8 14. Ne4
b6 15. Bg5 Bb7 16. Bxf6 Bxf6 17. Nxf6+ gxf6 18. Qxf6 Qc6 19. f3 Qc5+ 20. Kh1 e5
21. Qh4 f5 22. Bxf5 Rxf5 23. Qg4+ Kh8 24. Qxf5 Rf8 25. Qd3 Rg8 26. Qf5 Rf8 27.
Qh5 Bc6 28. Re1 Re8 29. c3 Qb5 30. b3 Qc5 31. c4 Qd4 32. Rad1 Qc3 33. Qf7 e4
34. Rxe4 Rg8 35. Re7 Qg7 36. Qxg7+ Rxg7 37. Rxg7 Kxg7 38. Kg1 b5 39. cxb5 Bxb5
40. Kf2 h5 41. Rd5 Be8 42. Ra5 a6 43. Rxa6 h4 44. Rd6 h3 45. a4 hxg2 46. Kxg2
Kf7 47. Rd4 Bc6 48. a5 Ke6 49. a6 Ke5 50. Rh4 Kd5 51. a7 Kc5 52. Rc4+ Kb6 53.
Rxc6+ Kxa7 54. Kf2 Kb7 55. Rh6 1-0

[Event "NAYCC U14 w"]
[Site "Windsor CAN"]
[Date "2016.08.09"]
[Round "5.50"]
[White "Zhou, Lily"]
[Black "Morris-Suzuki, Sophie"]
[Result "0-1"]
[WhiteElo "1595"]
[BlackElo "1787"]
[PlyCount "68"]
[EventDate "2016.08.07"]
[EventType "swiss"]
[EventRounds "9"]
[EventCountry "CAN"]

1. d4 e6 2. Nf3 Nf6 3. e3 b6 4. Bd3 Bb7 5. Nbd2 c5 6. b3 Be7 7. Bb2 O-O 8. O-O
d6 9. c4 Nbd7 10. Qe2 Qc7 11. Rac1 Rac8 12. Rfd1 Qb8 13. Bb1 Rfe8 14. a3 Qa8
15. Qd3 Nf8 16. e4 cxd4 17. Qxd4 Ng6 18. h3 Nh5 19. Qe3 d5 20. e5 f5 21. b4
Nhf4 22. Kh2 dxc4 23. Rxc4 Rxc4 24. Nxc4 Nxg2 25. Kxg2 Bxf3+ 26. Kf1 Bxd1 27.
Ke1 Rd8 28. Nd2 Qh1+ 29. Nf1 Nh4 30. f3 Nxf3+ 31. Qxf3 Qxf3 32. Ng3 Bh4 33. Bd3
Rxd3 34. Bd4 Qe2# 0-1

[Event "NAYCC U14 w"]
[Site "Windsor CAN"]
[Date "2016.08.09"]
[Round "5.51"]
[White "Chin, Angelica"]
[Black "Yen, Sarah"]
[Result "1-0"]
[WhiteElo "1970"]
[BlackElo "1802"]
[PlyCount "97"]
[EventDate "2016.08.07"]
[EventType "swiss"]
[EventRounds "9"]
[EventCountry "CAN"]

1. e4 e6 2. d4 d5 3. Nd2 Nf6 4. e5 Nfd7 5. Bd3 c5 6. c3 Nc6 7. Ne2 Qb6 8. Nf3
h6 9. O-O Be7 10. h3 O-O 11. Rb1 cxd4 12. cxd4 Nb4 13. a3 Nxd3 14. Qxd3 Qd8 15.
Nc3 Nb6 16. b3 Bd7 17. Bb2 Rc8 18. Rbc1 a6 19. Rc2 Rc7 20. Rfc1 Qb8 21. a4 Rfc8
22. Ne2 Rxc2 23. Rxc2 Rxc2 24. Qxc2 Qc8 25. Qxc8+ Nxc8 26. Ne1 b5 27. axb5 Bxb5
28. Nc3 Nb6 29. Nxb5 axb5 30. Nc2 Na8 31. Ba3 Bg5 32. Bd6 Bc1 33. Kf1 f6 34.
Ke2 fxe5 35. dxe5 Bb2 36. Kd3 Nb6 37. Nd4 Nc4 38. bxc4 bxc4+ 39. Ke3 Bxd4+ 40.
Kxd4 Kf7 41. f4 g6 42. g4 h5 43. Bb4 hxg4 44. hxg4 Ke8 45. f5 gxf5 46. gxf5
exf5 47. Kxd5 c3 48. Bxc3 f4 49. Ke4 1-0

[Event "NAYCC U14 w"]
[Site "Windsor CAN"]
[Date "2016.08.09"]
[Round "5.52"]
[White "Friedman, Gloria"]
[Black "Ravishankar, Ramitha"]
[Result "1-0"]
[WhiteElo "1725"]
[BlackElo "1558"]
[PlyCount "151"]
[EventDate "2016.08.07"]
[EventType "swiss"]
[EventRounds "9"]
[EventCountry "CAN"]

1. d4 d5 2. c4 c6 3. Nf3 Nf6 4. Nc3 e6 5. Bg5 Nbd7 6. e3 Qa5 7. cxd5 cxd5 8.
Qc2 Ne4 9. a3 Nxg5 10. Nxg5 h6 11. Nf3 Be7 12. Bd3 O-O 13. O-O Qd8 14. b4 Nb6
15. Ne5 Bd7 16. Rfc1 Be8 17. b5 f6 18. Bh7+ Kh8 19. Ng6+ Bxg6 20. Bxg6 e5 21.
Bf5 e4 22. Na4 Nc4 23. Nc5 Bxc5 24. dxc5 Qe8 25. a4 Qe5 26. Bg4 Qg5 27. Bd7 Ne5
28. c6 bxc6 29. bxc6 Nxd7 30. cxd7 Rad8 31. Qc7 Qf5 32. Qxa7 Rxd7 33. Qd4 Qe6
34. Rc5 f5 35. Rd1 Rfd8 36. a5 Qd6 37. Rb1 Rc7 38. Rxc7 Qxc7 39. a6 Ra8 40.
Qxd5 Rxa6 41. Qxf5 Rb6 42. Qxe4 Rxb1+ 43. Qxb1 Qd6 44. h3 Qe5 45. Qd3 Qc7 46.
Qd4 Kg8 47. f4 Kf7 48. g4 Qc1+ 49. Kg2 Qc2+ 50. Kg3 Qc1 51. Qd5+ Kf8 52. Qf3
Qe1+ 53. Qf2 Qb4 54. f5 Kf7 55. Qa2+ Kf8 56. Qa8+ Kf7 57. Qd5+ Kf8 58. Qf3 Qd6+
59. Qf4 Qd1 60. Kh4 Qd8+ 61. g5 Kg8 62. Kg4 Qd1+ 63. Qf3 Qg1+ 64. Qg3 h5+ 65.
Kf4 Qd1 66. g6 Qd6+ 67. Kf3 Qd1+ 68. Kg2 Qd2+ 69. Qf2 Qd5+ 70. Kg3 Kf8 71. Kh4
Ke7 72. Kxh5 Kf6 73. Qh4+ Ke5 74. Qd4+ Qxd4 75. exd4+ Kxd4 76. f6 1-0

[Event "NAYCC U14 w"]
[Site "Windsor CAN"]
[Date "2016.08.09"]
[Round "5.53"]
[White "Guo, Ingrid"]
[Black "Li, Marissa"]
[Result "0-1"]
[WhiteElo "1473"]
[BlackElo "1802"]
[PlyCount "128"]
[EventDate "2016.08.07"]
[EventType "swiss"]
[EventRounds "9"]
[EventCountry "CAN"]

1. e4 c5 2. Nf3 e6 3. d4 cxd4 4. Nxd4 Nc6 5. Nxc6 bxc6 6. g3 Nf6 7. Bg2 d5 8.
exd5 exd5 9. O-O Be7 10. Nd2 O-O 11. c4 Bf5 12. cxd5 cxd5 13. Nb3 Rc8 14. Be3
Qd7 15. Nd4 Bh3 16. Qf3 Bd6 17. Qe2 Rfe8 18. Qd3 Bc5 19. Rac1 Bxg2 20. Kxg2 Ng4
21. Bf4 Bb6 22. h3 Nf6 23. Rcd1 Re4 24. Nb5 Rd8 25. Nc3 Re6 26. Rfe1 Rde8 27.
Rxe6 fxe6 28. Be5 Qf7 29. Qf3 Nd7 30. Qxf7+ Kxf7 31. Bf4 Nf6 32. Nb5 Ke7 33.
Nc3 Kd7 34. Be5 Bc7 35. Bd4 Bb6 36. Be5 Rc8 37. Rd2 Ke7 38. g4 g6 39. f3 Nd7
40. Bf4 Ba5 41. Be3 Nb6 42. Rd3 Nc4 43. Bc1 Rb8 44. b3 Ne5 45. Re3 Kd6 46. f4
Nd7 47. Ba3+ Bb4 48. Bxb4+ Rxb4 49. Ne2 Nc5 50. Rc3 Re4 51. Kf3 a5 52. Ng3 Rb4
53. Ne2 h6 54. h4 a4 55. bxa4 Rxa4 56. Rc2 d4 57. Rd2 Ra3+ 58. Kg2 d3 59. Ng3
Kd5 60. Kf3 Rc3 61. Nf1 Ne4 62. Rd1 Kd4 63. Kg2 Rc2+ 64. Kg1 Rxa2 0-1

[Event "NAYCC U14 w"]
[Site "Windsor CAN"]
[Date "2016.08.09"]
[Round "5.54"]
[White "Zhou, Annika"]
[Black "John, Namitha"]
[Result "1-0"]
[WhiteElo "1443"]
[BlackElo "1091"]
[PlyCount "59"]
[EventDate "2016.08.07"]
[EventType "swiss"]
[EventRounds "9"]
[EventCountry "CAN"]

1. d4 d5 2. Bf4 Nc6 3. Nc3 Nf6 4. Nb5 e5 5. dxe5 Nh5 6. e3 Nxf4 7. exf4 a6 8.
Nd4 Nxd4 9. Qxd4 Bf5 10. Bd3 c5 11. Qe3 Bg6 12. f5 Bh5 13. h3 c4 14. Be2 Bxe2
15. Nxe2 Qc7 16. O-O Bc5 17. Qf4 Qb6 18. Rab1 f6 19. e6 O-O 20. c3 Rfe8 21.
Rfd1 Rad8 22. Nd4 Bxd4 23. Rxd4 Qa7 24. Rbd1 Qc5 25. Qd2 g6 26. g4 Qb5 27. Rxd5
Rxd5 28. Qxd5 Qxb2 29. Qd7 Kf8 30. Qf7# 1-0

[Event "NAYCC U14 w"]
[Site "Windsor CAN"]
[Date "2016.08.09"]
[Round "5.55"]
[White "Zhang, Jeannie"]
[Black "Tao, Ellen"]
[Result "1/2-1/2"]
[WhiteElo "1459"]
[BlackElo "1418"]
[PlyCount "75"]
[EventDate "2016.08.07"]
[EventType "swiss"]
[EventRounds "9"]
[EventCountry "CAN"]

1. e4 c5 2. Nf3 Nc6 3. d4 cxd4 4. Nxd4 Qb6 5. Nb3 Nf6 6. Nc3 e6 7. a3 Be7 8.
Be3 Qc7 9. Be2 O-O 10. O-O b6 11. f3 Bb7 12. Qd2 Rad8 13. Rfd1 d5 14. Bf4 e5
15. Bg3 dxe4 16. Qe3 Na5 17. Kh1 Nxb3 18. cxb3 exf3 19. Bxf3 Bxf3 20. Qxf3 Rfe8
21. Re1 Bd6 22. Nb5 Qd7 23. Nxd6 Qxd6 24. Rad1 Qc5 25. Rxd8 Rxd8 26. Bxe5 Re8
27. Bc3 Rxe1+ 28. Bxe1 Qd5 29. Qxd5 Nxd5 30. Kg1 Kf8 31. Kf2 Ke7 32. Kf3 Kd6
33. Ke4 Ke6 34. a4 f5+ 35. Kd4 g5 36. Bd2 f4 37. b4 g4 38. Ke4 1/2-1/2

[Event "NAYCC U14 w"]
[Site "Windsor CAN"]
[Date "2016.08.09"]
[Round "5.56"]
[White "Ge, Jade"]
[Black "Li, Jewel"]
[Result "1-0"]
[WhiteElo "1520"]
[BlackElo "980"]
[PlyCount "47"]
[EventDate "2016.08.07"]
[EventType "swiss"]
[EventRounds "9"]
[EventCountry "CAN"]

1. e4 e5 2. Nf3 Nc6 3. Bc4 Bc5 4. c3 Nf6 5. d4 exd4 6. cxd4 Bb4+ 7. Bd2 d5 8.
exd5 Nxd5 9. O-O O-O 10. Bxb4 Ndxb4 11. a3 Bf5 12. Nc3 Nc2 13. Rc1 N2xd4 14.
Nxd4 Nxd4 15. Bd5 Qf6 16. Bxb7 Rab8 17. Nd5 Qe5 18. Rxc7 Ne2+ 19. Kh1 Bc8 20.
Bxc8 Rfxc8 21. Ne7+ Kf8 22. Rxc8+ Rxc8 23. Nxc8 Qxb2 24. Qd8# 1-0